La sociología y el cambio social /
Se aborda en este volumen el papel de la sociología aplicada en diversas circunstancias sociales y dentro de un contexto en donde cobra cada vez más importancia el desarrollo nacional: se habla de la sociología en zonas de desarrollo, sociología rural, de la sociología en el proceso de desgregación,...
Đã lưu trong:
| Tác giả chính: | |
|---|---|
| Tác giả khác: | , |
| Định dạng: | Sách |
| Ngôn ngữ: | Tiếng Tây Ban Nha |
| Được phát hành: |
Buenos Aires, Argentina :
Paidós,
1971
|
| Loạt: | (Biblioteca de Psicología y Sociología Aplicadas Paidós)
|
| Những chủ đề: | |
| Các nhãn: |
Không có thẻ, Là người đầu tiên thẻ bản ghi này!
|
MARC
| LEADER | 00000nam^a2200000^a^4500 | ||
|---|---|---|---|
| 001 | 000000180 | ||
| 005 | 20250521000000.0 | ||
| 009 | 20260310083015.989 | ||
| 037 | |a Acervo ITESO - Biblioteca | ||
| 041 | |a ESP | ||
| 082 | |a 300. |b LAZ | ||
| 100 | |a Lazarsfeld, Paul F. |e (compilación) | ||
| 245 | 1 | 3 | |a La sociología y el cambio social / |c P.F. Lazarsfeld...[et al.] ; tr. por Carlos Eduardo Saltzmann. |
| 264 | 1 | |a Buenos Aires, Argentina : |b Paidós, |c 1971 | |
| 300 | |a 251 p. | ||
| 336 | |a texto |b txt |2 rdacontenido | ||
| 337 | |a sin mediación |b n |2 rdamedio | ||
| 338 | |a volumen |b nc |2 rdasoporte | ||
| 440 | 1 | |a (Biblioteca de Psicología y Sociología Aplicadas Paidós) | |
| 500 | |a Traducción de: The Uses of Sociology | ||
| 520 | |a Se aborda en este volumen el papel de la sociología aplicada en diversas circunstancias sociales y dentro de un contexto en donde cobra cada vez más importancia el desarrollo nacional: se habla de la sociología en zonas de desarrollo, sociología rural, de la sociología en el proceso de desgregación, de la sociología en la evaluación de programas de acción social, de la investigación para la paz, etc. | ||
| 649 | |a XX | ||
| 650 | |a Etica Social | ||
| 650 | |a Acción Social | ||
| 650 | |a Cambios Sociales y Culturales | ||
| 650 | |a Desarrollo Regional | ||
| 650 | |a Desarrollo Económico-Social | ||
| 650 | |a Sociología Rural | ||
| 650 | |a Sociología - |x Tema Principal | ||
| 700 | |a Sewell, William H. |e (compilación) | ||
| 700 | |a Wilensky, H.L. |e (compilación) | ||
| 910 | |a Fondo General | ||
| 920 | |a Impresos - Libros | ||
| 930 | |a Colección General | ||
| 905 | |a 101 | ||
| 901 | |a 0001800100 |b IT1 |c ACC |i 000180 |u 20250521 | ||
| 901 | |a 0001800300 |b IT1 |c ACC |i 904824 |u 20250521 | ||
| 902 | |a https://opac.biblio.iteso.mx/vufind/Record/000000180 | ||